Logo

Description automatically generated
विद्यार्जन
 संसाधन केंद्र, भारतीय प्रौद्योगिकी संस्थान इन्दौर
Learning Resource Center, Indian Institute of Technology Indore

ऑनलाइन सार्वजनिक अभिगम प्रसूची
Online Public Access Catalogue (OPAC)

Ram : scion of Ikshvaku (Record no. 57286)

MARC details
000 -LEADER
fixed length control field 00635nam a2200229Ia 4500
005 - DATE AND TIME OF LATEST TRANSACTION
control field 20260629163254.0
008 - FIXED-LENGTH DATA ELEMENTS--GENERAL INFORMATION
fixed length control field 260629s9999||||xx |||||||||||||| ||und||
020 ## - INTERNATIONAL STANDARD BOOK NUMBER
International Standard Book Number 9789385152146
Qualifying information pbk
082 ## - DEWEY DECIMAL CLASSIFICATION NUMBER
Classification number 823.92
Item number TRI
100 ## - MAIN ENTRY--PERSONAL NAME
Personal name Tripathi, Amish
245 #0 - TITLE STATEMENT
Title Ram : scion of Ikshvaku
250 ## - EDITION STATEMENT
Edition statement rep. 2018
260 ## - PUBLICATION, DISTRIBUTION, ETC.
Place of publication, distribution, etc. Chennai
Name of publisher, distributor, etc. Westland Publications
Date of publication, distribution, etc. 2015
300 ## - PHYSICAL DESCRIPTION
Extent xxi,, 354p. ; 19cm.
490 ## - SERIES STATEMENT
Series statement Ram Chandra series-1
653 ## - INDEX TERM--UNCONTROLLED
Uncontrolled term Fantasy fiction
653 ## - INDEX TERM--UNCONTROLLED
Uncontrolled term Hindu mythology Fiction
653 ## - INDEX TERM--UNCONTROLLED
Uncontrolled term Indic fiction (English)
653 ## - INDEX TERM--UNCONTROLLED
Uncontrolled term Rama (Hindu deity) Fiction
653 ## - INDEX TERM--UNCONTROLLED
Uncontrolled term Young adult fiction
942 ## - ADDED ENTRY ELEMENTS (KOHA)
Koha item type Book
Holdings
Withdrawn status Lost status Damaged status Not for loan Home library Current library Shelving location Date acquired Source of acquisition Total Checkouts Full call number Barcode Date last seen Price effective from Koha item type
        LRC, IIT Indore LRC, IIT Indore 2nd Floor - General Stack 29/06/2026 Gratis Book Price: INR 399.00   823.92 TRI G2511 29/06/2026 29/06/2026 Book
Copyright © 2017-2026 Indian Institute of Technology Indore. All Rights Reserved.
Managed & maintained by Learning Resource Center, IIT Indore